SER CRISTIANO EN LA ERA NEOPAGANA (Registro nro. 16411)
[ vista simple ]
| 000 -LEADER | |
|---|---|
| fixed length control field | 01014nam a2200193 a 4500 |
| 001 - CONTROL NUMBER | |
| control field | 16411 |
| 005 - DATE AND TIME OF LATEST TRANSACTION | |
| control field | 20180713205335.0 |
| 008 - FIXED-LENGTH DATA ELEMENTS--GENERAL INFORMATION | |
| fixed length control field | 140415s1995 sp 000 0 spa d |
| 020 ## - INTERNATIONAL STANDARD BOOK NUMBER | |
| International Standard Book Number | 8474903599 |
| 041 ## - LANGUAGE CODE | |
| Language code of text/sound track or separate title | spa |
| 082 ## - DEWEY DECIMAL CLASSIFICATION NUMBER | |
| Classification number | 248.25 |
| Item number | RAT |
| 100 1# - MAIN ENTRY--PERSONAL NAME | |
| Personal name | Benedicto XVI, Papa,. |
| 245 10 - TITLE STATEMENT | |
| Title | SER CRISTIANO EN LA ERA NEOPAGANA |
| 250 ## - EDITION STATEMENT | |
| Edition statement | 1a ed. |
| 260 ## - PUBLICATION, DISTRIBUTION, ETC. | |
| Place of publication, distribution, etc. | ESPAÑA : |
| Name of publisher, distributor, etc. | EDICIONES ENCUENTRO, |
| Date of publication, distribution, etc. | 1995 |
| 300 ## - PHYSICAL DESCRIPTION | |
| Extent | 205 |
| Dimensions | 23 x 15 x 1.2 |
| 520 ## - SUMMARY, ETC. | |
| Summary, etc. | EUROPA ESTÁ HOY A PUNTO DE VOLVER A SER DE NUEVO PAGANA, PERO ENTRE ESTOS NUEVOS PAGANOS EXISTE TAMBIÉN UNA NUEVA SED DE DIOS QUE A MENUDO ESTÁ MAL ORIENTADA. ESTA SED NO SE APAGA CON SUEÑOS DE UNA NUEVA IGLESIA NI CON UNA IGLESIA QUE PRETENDA RENOVARSE A SÍ MISMA MEDIANTE DISCUSIONES SIN TÉRMINO. CUANDO ES ESTO ÚLTIMO LO QUE SE OFRECE, MUCHOS PREFIEREN REFUGIARSE EN LO ESOTÉRICO, EN LO MÁGICO, ALLÍ DONDE PARECE ABRIRSE LA ATMÓSFERA DEL MISTERIO, DE LO TOTALMENTE OTRO CUANTO MÁS S |
| 650 14 - SUBJECT ADDED ENTRY--TOPICAL TERM | |
| Topical term or geographic name entry element | RELIGION Y MORAL |
| General subdivision | VIDA CRISTIANA |
| Withdrawn status | Lost status | Source of classification or shelving scheme | Damaged status | Not for loan | Collection code | Home library | Current library | Shelving location | Date acquired | Source of acquisition | Inventory number | Total Checkouts | Full call number | Barcode | Date last seen | Date last checked out | Price effective from | Koha item type | Total Renewals |
|---|---|---|---|---|---|---|---|---|---|---|---|---|---|---|---|---|---|---|---|
| Dewey Decimal Classification | General | Biblioteca Karol Wojtyla | Biblioteca Karol Wojtyla | Sala general | 03/12/2013 | Compra | 151000000000000000056471 | 1 | 248.25 RAT | 34206 | 05/01/2026 | 28/08/2018 | 03/12/2013 | Libro | |||||
| Dewey Decimal Classification | General | Biblioteca Karol Wojtyla | Biblioteca Karol Wojtyla | Sala general | 03/12/2013 | Compra | 151000000000000000056473 | 5 | 248.25 RAT | 70413 | 05/01/2026 | 06/02/2024 | 03/12/2013 | Libro | 1 | ||||
| Dewey Decimal Classification | General | Biblioteca Karol Wojtyla | Biblioteca Karol Wojtyla | Sala general | 03/12/2013 | Compra | 151000000000000000056472 | 248.25 RAT | 34207 | 05/01/2026 | 03/12/2013 | Libro |